000 005170000a22001930004500
001 003277
003 MACL
005 20151025132916.0
008 151025b xxu||||| |||| 00| 0 eng d
040 _aMACL
_cMACL
041 _aEnglish
082 _a928.54/NAI
100 _aNaikar, Chandramouli S.
_916722
245 _aMakers Of Indian Literature Patanjali Of Yogasutras
_cChandramouli S. Naikar
260 _aDelhi
_c2002
_bSahitya Akademi,
350 _a25
650 _aBiography
_916723
942 _k929
_cBK
_2ddc
999 _c15182
_d15182